San Ignacio de Loyola : ayer y hoy
Salvato in:
| Autore principale: | |
|---|---|
| Natura: | Libro |
| Lingua: | Undetermined |
| Pubblicazione: |
Barcelona, España
/s.n./
1958
|
| Soggetti: | |
| Tags: |
Aggiungi Tag
Nessun Tag, puoi essere il primo ad aggiungerne!!
|
MARC
| LEADER | 00000nam a2200000Ia 4500 | ||
|---|---|---|---|
| 008 | 170316s9999 xx 000 0 und d | ||
| 090 | |a 230 E-1s | ||
| 100 | |a Echarri S. I., Jaime | ||
| 245 | |a San Ignacio de Loyola : ayer y hoy | ||
| 260 | |a Barcelona, España | ||
| 260 | |b /s.n./ | ||
| 260 | |c 1958 | ||
| 300 | |a 34 páginas | ||
| 650 | |a TEOLOGÍA | ||
| 999 | |c 18002 |d 18002 | ||
| 040 | |a cru BVZT | ||
| 942 | |c 15 D |h 230 E-1s |2 z | ||
